header

Answering teens' tough questions (Record no. 46446)

MARC details
000 -LEADER
fixed length control field 01636nam a2200409Ia 4500
082 04 - DEWEY DECIMAL CLASSIFICATION NUMBER
Classification number 027.62/6
100 1# - MAIN ENTRY--AUTHOR NAME
Personal name Eagle, mk,
245 10 - TITLE STATEMENT
Title Answering teens' tough questions
260 ## - PUBLICATION, DISTRIBUTION, ETC. (IMPRINT)
Place of publication Chicago :
Name of publisher Neal-Schuman, an imprint of the American Library Association,
Year of publication 2012.
300 ## - PHYSICAL DESCRIPTION
Number of Pages x, 125 p.
490 1# - SERIES STATEMENT
Series statement Teens at the library series
650 #0 - SUBJECT ADDED ENTRY--TOPICAL TERM
Topical Term Libraries and teenagers
Topical Term Young adults' libraries
Topical Term Young adult services librarians
Topical Term Teenagers
Topical Term Teenagers
Topical Term Teenagers
856 40 - ELECTRONIC LOCATION AND ACCESS
Uniform Resource Identifier http://site.ebrary.com/lib/rucke/Doc?id=10635892

No items available.

© 2026 Rongo University
Contact us: librarian | system librarian | Rongo university